[Event "Ambelokipi op 153th"]
[Site "Athens"]
[Date "2015.05.20"]
[Round "3"]
[White "Gamback, Bjorn"]
[Black "Mitsakos, Achilles"]
[Result "1-0"]
[WhiteElo "2141"]
[BlackElo "1559"]
[PlyCount "60"]
[EventDate "2015.05.06"]
[EventType "swiss"]
[EventRounds "7"]
[EventCountry "GRE"]
[SourceTitle "EXT 2024"]
[Source "ChessBase"]
[SourceDate "2023.10.10"]
[SourceVersion "1"]
[SourceVersionDate "2023.10.10"]
[SourceQuality "1"]

1. d4 f5 2. c4 Nf6 3. Bg5 e6 4. Nc3 Be7 5. e3 0-0 6. Bd3 b6 7. f3 Bb7 8. Nh3 d6 9. 0-0 a5 10. Qe2 Nbd7 11. Nf4 e5 12. Ne6 Qc8 13. Nxf8 Qxf8 14. Bxf5 c6 15. Ne4 g6 16. Nxf6+ Nxf6 17. Be6+ Kg7 18. dxe5 dxe5 19. f4 e4 20. f5 c5 21. fxg6 h6 22. Bh4 Rd8 23. Rf2 Rd6 24. Bf7 Qd8 25. Raf1 Bc8 26. Bg3 Rd3 27. Be5 Rxe3 28. Rxf6 Bxf6 29. Bxf6+ Qxf6 30. Rxf6 Kxf6 1-0

[Event "Wch Seniors 65 24th"]
[Site "Katerini"]
[Date "2014.11.02"]
[Round "9"]
[White "Filzmaier, Bruno"]
[Black "Mitsakos, Achilles"]
[Result "0-1"]
[WhiteElo "1846"]
[BlackElo "1584"]
[PlyCount "78"]
[EventDate "2014.10.24"]
[EventType "swiss"]
[EventRounds "11"]
[EventCountry "GRE"]
[SourceTitle "EXT 2015"]
[Source "ChessBase"]
[SourceDate "2014.11.20"]
[SourceVersion "1"]
[SourceVersionDate "2014.11.20"]
[SourceQuality "1"]

1. a3 d5 2. e3 e5 3. d4 e4 4. c4 c6 5. Nc3 Nf6 6. Qb3 Be7 7. cxd5 cxd5 8. Nh3 0-0 9. Nf4 Bd6 10. Nfxd5 Nbd7 11. Be2 a6 12. 0-0 b5 13. Bd2 Rb8 14. Rac1 Nxd5 15. Qxd5 Nf6 16. Qa2 Be6 17. Qb1 Bf5 18. h3 Qd7 19. Qc2 Rbe8 20. Qd1 h5 21. f4 exf3 22. Bxf3 g6 23. Qe2 Bg3 24. Be1 Bf4 25. Bf2 Qd6 26. Qd2 Bh6 27. b4 g5 28. Kh1 g4 29. hxg4 hxg4 30. Bd1 Bg5 31. Qe1 Nh5 32. g3 Nf6 33. Ne2 Kg7 34. Nf4 Bxf4 35. gxf4 Qd5+ 36. Kg1 Rh8 37. Bg3 Rh3 38. Bc2 Rh1+ 39. Kf2 Qf3# 0-1

[Event "Kalavryta Rapid"]
[Site "Kalavryta"]
[Date "2013.12.07"]
[Round "4.4"]
[White "Mitsakos, Achilles"]
[Black "Spiliopoulos, Aristovoulos"]
[Result "1-0"]
[WhiteElo "1565"]
[BlackElo "1366"]
[PlyCount "73"]
[EventDate "2013.12.07"]
[EventType "swiss (rapid)"]
[EventRounds "7"]
[EventCountry "GRE"]
[SourceTitle "EXT 2024"]
[Source "ChessBase"]
[SourceDate "2023.10.10"]
[SourceVersion "1"]
[SourceVersionDate "2023.10.10"]
[SourceQuality "1"]

1. e4 e6 2. d4 d5 3. e5 c5 4. c3 Nc6 5. Nf3 Qb6 6. Bd3 Nh6 7. 0-0 cxd4 8. cxd4 Bd7 9. Nc3 Nf5 10. Bxf5 exf5 11. Nxd5 Qd8 12. Bf4 Be6 13. Nc3 Ne7 14. Bg5 h6 15. Bxe7 Bxe7 16. d5 Bc8 17. d6 Bg5 18. Nb5 0-0 19. Nc7 Rb8 20. Re1 b6 21. Qa4 a6 22. Rad1 Bb7 23. Qb3 b5 24. Nxg5 Qxg5 25. Nd5 Rbc8 26. f3 Rc5 27. Ne7+ Kh8 28. Qd3 Rc4 29. Qxf5 Qh4 30. Ng6+ fxg6 31. Qxf8+ Kh7 32. d7 Rd4 33. e6 Rxd1 34. Rxd1 Qg5 35. d8Q Qe3+ 36. Kh1 Bd5 37. Qh8# 1-0

[Event "Ambelokipi op 139th"]
[Site "Athens"]
[Date "2013.12.04"]
[Round "5"]
[White "Mitsakos, Achilles"]
[Black "Loupos, Vasilios"]
[Result "0-1"]
[WhiteElo "1574"]
[BlackElo "2005"]
[PlyCount "90"]
[EventDate "2013.11.11"]
[EventType "swiss"]
[EventRounds "7"]
[EventCountry "GRE"]
[SourceTitle "EXT 2024"]
[Source "ChessBase"]
[SourceDate "2023.10.10"]
[SourceVersion "1"]
[SourceVersionDate "2023.10.10"]
[SourceQuality "1"]

1. e4 g6 2. d4 c6 3. Nc3 d6 4. Bc4 Nf6 5. Nf3 Bg7 6. Bf4 0-0 7. Qe2 d5 8. exd5 cxd5 9. Bb3 Nc6 10. a3 Ne4 11. Qe3 Nxc3 12. bxc3 e6 13. 0-0 Re8 14. Rfe1 Bd7 15. Ne5 f6 16. Nxd7 Qxd7 17. Qg3 Na5 18. Rab1 Rac8 19. Bd2 b5 20. h4 Nc4 21. Bc1 a5 22. h5 g5 23. Bxc4 Rxc4 24. f4 h6 25. fxg5 fxg5 26. Qd3 Rf8 27. Bd2 Rf5 28. Qe2 e5 29. g4 Rf8 30. Rf1 exd4 31. Rxf8+ Bxf8 32. Be1 d3 33. Qxd3 Qxg4+ 34. Bg3 Bc5+ 35. Kg2 Qe4+ 36. Qxe4 dxe4 37. Rxb5 Rxc3 38. Rb8+ Kf7 39. Rb7+ Ke6 40. Rh7 Kf5 41. Rxh6 Rxc2+ 42. Kf1 e3 43. Rh8 e2+ 44. Ke1 Bxa3 45. Re8 Bb4+ 0-1

[Event "Ambelokipi op 116th"]
[Site "Athens"]
[Date "2011.09.06"]
[Round "4.5"]
[White "Mitsakos, Achilles"]
[Black "Ilandzis, Spyridon"]
[Result "0-1"]
[WhiteElo "1730"]
[BlackElo "2134"]
[PlyCount "34"]
[EventDate "2011.09.03"]
[EventType "swiss"]
[EventRounds "7"]
[EventCountry "GRE"]
[SourceTitle "EXT 2024"]
[Source "ChessBase"]
[SourceDate "2023.10.10"]
[SourceVersion "1"]
[SourceVersionDate "2023.10.10"]
[SourceQuality "1"]

1. e4 d5 2. exd5 Qxd5 3. Nc3 Qa5 4. d4 Nf6 5. Bd3 Nc6 6. Nge2 Bg4 7. f3 Bh5 8. Bd2 0-0-0 9. Nb5 Qb6 10. c3 e5 11. a4 exd4 12. c4 Ne5 13. Bf5+ Kb8 14. Qb3 d3 15. Nf4 Bxf3 16. gxf3 Nxf3+ 17. Kd1 Nxd2 0-1

[Event "Ambelokipi op 113th"]
[Site "Athens"]
[Date "2011.05.11"]
[Round "2"]
[White "Mitsakos, Achilles"]
[Black "Dimitriou, Georgios"]
[Result "1-0"]
[WhiteElo "1688"]
[BlackElo "2191"]
[PlyCount "47"]
[EventDate "2011.05.07"]
[EventType "swiss"]
[EventRounds "7"]
[EventCountry "GRE"]
[SourceTitle "EXT 2024"]
[Source "ChessBase"]
[SourceDate "2023.10.10"]
[SourceVersion "1"]
[SourceVersionDate "2023.10.10"]
[SourceQuality "1"]

1. e4 c5 2. Nf3 Nc6 3. c3 d5 4. exd5 Qxd5 5. d4 cxd4 6. cxd4 Bg4 7. Be2 0-0-0 8. Nc3 Qa5 9. Be3 e6 10. 0-0 Nf6 11. a3 Bd6 12. b4 Qc7 13. Nb5 Qb8 14. Rc1 Nd5 15. Nxd6+ Qxd6 16. b5 Qxa3 17. bxc6 Nxe3 18. cxb7+ Kxb7 19. fxe3 Qxe3+ 20. Kh1 Rd5 21. Qc2 Bf5 22. Qc6+ Kb8 23. Rb1+ Bxb1 24. Rxb1+ 1-0

[Event "Ambelokipi op 112th"]
[Site "Athens"]
[Date "2011.05.04"]
[Round "7"]
[White "Mitsakos, Achilles"]
[Black "Mitrandzas, Athanasios"]
[Result "0-1"]
[WhiteElo "1710"]
[BlackElo "2114"]
[PlyCount "78"]
[EventDate "2011.04.09"]
[EventType "swiss"]
[EventRounds "7"]
[EventCountry "GRE"]
[SourceTitle "EXT 2024"]
[Source "ChessBase"]
[SourceDate "2023.10.10"]
[SourceVersion "1"]
[SourceVersionDate "2023.10.10"]
[SourceQuality "1"]

1. e4 c5 2. Nf3 d6 3. c3 Nf6 4. Be2 Nc6 5. d4 cxd4 6. cxd4 Nxe4 7. d5 Qa5+ 8. Nc3 Nxc3 9. bxc3 Nb8 10. Qb3 Nd7 11. Bd2 Qc7 12. 0-0 g6 13. Rac1 Bg7 14. c4 0-0 15. Qe3 Nc5 16. Nd4 Re8 17. f4 e5 18. f5 Bd7 19. Ne6 fxe6 20. fxe6 Bxe6 21. dxe6 Rxe6 22. Bg4 Re7 23. Qh3 e4 24. Bg5 Re5 25. Bf4 Ree8 26. Rcd1 Be5 27. Be3 Qe7 28. Bxc5 h5 29. Bxh5 gxh5 30. Qxh5 dxc5 31. Rf5 e3 32. Qg4+ Bg7 33. Rg5 e2 34. Re1 Rad8 35. h4 Rd4 36. Qg3 Rd1 37. Rd5 Rxe1+ 38. Qxe1 Qe3+ 39. Kh1 Bc3 0-1

[Event "Nikaia Fysiolatriko op 08th"]
[Site "Nikaia"]
[Date "2010.06.17"]
[Round "1"]
[White "Kostouros, Alexandros"]
[Black "Mitsakos, Achilles"]
[Result "1-0"]
[WhiteElo "2222"]
[BlackElo "1732"]
[PlyCount "81"]
[EventDate "2010.06.17"]
[EventType "swiss"]
[EventRounds "9"]
[EventCountry "GRE"]
[SourceTitle "EXT 2011"]
[Source "ChessBase"]
[SourceDate "2010.11.26"]
[SourceVersion "1"]
[SourceVersionDate "2010.11.26"]
[SourceQuality "1"]

1. e4 e5 2. Nf3 Nc6 3. d4 exd4 4. Nxd4 Bc5 5. Be3 Qf6 6. c3 Nge7 7. Be2 Bb6 8. 0-0 0-0 9. f4 d6 10. Kh1 Nxd4 11. cxd4 Nc6 12. e5 Qe7 13. Nc3 f5 14. Nd5 Qe8 15. Nxb6 axb6 16. Rf3 dxe5 17. Bc4+ Kh8 18. dxe5 Be6 19. Qc2 Na5 20. Bxe6 Qxe6 21. Qxc7 Nc4 22. b3 Rac8 23. Qxb7 Nxe3 24. Rxe3 Rc6 25. Rd3 Rfc8 26. Rad1 h5 27. Qd7 Qg6 28. Rg3 Qh7 29. Qxc6 Rxc6 30. Rd8+ Qg8 31. Rxg8+ Kxg8 32. h4 Kf7 33. a4 Rc1+ 34. Kh2 Re1 35. Rc3 Re4 36. Rc4 Re3 37. Rb4 Re4 38. Rxe4 fxe4 39. f5 g6 40. f6 Ke6 41. Kg3 1-0

[Event "Ambelokipi op 83rd"]
[Site "Athens"]
[Date "2007.12.08"]
[Round "3"]
[White "Mitsakos, Achilles"]
[Black "Anastasopoulos, Spyros"]
[Result "0-1"]
[WhiteElo "1847"]
[BlackElo "2077"]
[PlyCount "72"]
[EventDate "2007.12.01"]
[EventType "swiss"]
[EventRounds "7"]
[EventCountry "GRE"]
[SourceTitle "EXT 2024"]
[Source "ChessBase"]
[SourceDate "2023.10.10"]
[SourceVersion "1"]
[SourceVersionDate "2023.10.10"]
[SourceQuality "1"]

1. e4 c6 2. d4 d5 3. Nc3 dxe4 4. Nxe4 Nd7 5. Bc4 Ngf6 6. Ng5 e6 7. Qe2 Nb6 8. N1f3 Nxc4 9. Qxc4 h6 10. Nh3 Bd6 11. Bf4 Nd5 12. Bxd6 Qxd6 13. Nd2 e5 14. 0-0-0 0-0 15. dxe5 Qxe5 16. Rhe1 Qxh2 17. Rh1 Qd6 18. Ne4 Qg6 19. Rdg1 Re8 20. Nd2 b5 21. Qc5 Bd7 22. g4 Rad8 23. g5 h5 24. f3 Bf5 25. Nf2 Nf4 26. Re1 Ne2+ 27. Rxe2 Rxe2 28. Nfe4 Rdxd2 29. Nxd2 Qxg5 30. Rd1 h4 31. Qxa7 h3 32. Qa8+ Kh7 33. Qxc6 h2 34. Qd6 Qh4 35. Qd5 Bg6 36. f4 Re1 0-1

[Event "Ambelokipi op 82nd"]
[Site "Athens"]
[Date "2007.11.24"]
[Round "7"]
[White "Mitsakos, Achilles"]
[Black "Kesoglou, Konstantinos"]
[Result "0-1"]
[WhiteElo "1847"]
[BlackElo "2132"]
[PlyCount "72"]
[EventDate "2007.11.03"]
[EventType "swiss"]
[EventRounds "7"]
[EventCountry "GRE"]
[SourceTitle "EXT 2024"]
[Source "ChessBase"]
[SourceDate "2023.10.10"]
[SourceVersion "1"]
[SourceVersionDate "2023.10.10"]
[SourceQuality "1"]

1. e4 c5 2. c3 d5 3. exd5 Qxd5 4. d4 Nc6 5. Nf3 e5 6. dxe5 Qxd1+ 7. Kxd1 Bg4 8. Bf4 0-0-0+ 9. Nbd2 Nge7 10. Be2 Ng6 11. Bg3 Be7 12. Ke1 h5 13. h4 Rhe8 14. a4 Bf8 15. Nc4 Bxf3 16. gxf3 Ncxe5 17. Ne3 Nd3+ 18. Kf1 a6 19. Rb1 Ngf4 20. Bd1 b5 21. axb5 axb5 22. Bc2 g6 23. c4 b4 24. Ba4 Re6 25. Bc2 Bg7 26. Nd5 b3 27. Bxb3 Nxd5 28. cxd5 Rb6 29. Ba4 Rxd5 30. Be8 f5 31. f4 Kd8 32. Bf7 Rd7 33. Bg8 Ke7 34. b3 Rd4 35. f3 Kf8 36. Bc4 Rxc4 0-1

[Event "Ambelokipi op 80th"]
[Site "Athens"]
[Date "2007.09.29"]
[Round "7"]
[White "Ponirakis, Dimitrios"]
[Black "Mitsakos, Achilles"]
[Result "0-1"]
[WhiteElo "2091"]
[BlackElo "1853"]
[PlyCount "80"]
[EventDate "2007.09.08"]
[EventType "swiss"]
[EventRounds "7"]
[EventCountry "GRE"]
[SourceTitle "EXT 2008"]
[Source "ChessBase"]
[SourceDate "2007.11.25"]
[SourceVersion "1"]
[SourceVersionDate "2007.11.25"]
[SourceQuality "1"]

1. d4 Nf6 2. c4 e6 3. Nc3 Bb4 4. Nf3 0-0 5. e3 b6 6. a3 Bxc3+ 7. bxc3 Ne4 8. Bb2 d6 9. Bd3 Bb7 10. Qc2 f5 11. 0-0-0 Nf6 12. Rhg1 Be4 13. Nd2 Bxd3 14. Qxd3 Ng4 15. Qe2 Qd7 16. f3 Nh6 17. g4 fxg4 18. fxg4 Nc6 19. e4 e5 20. g5 Nf7 21. g6 Nh6 22. gxh7+ Kh8 23. Rg3 Rf7 24. Nf3 Raf8 25. dxe5 Rxf3 26. Rxf3 Rxf3 27. Qxf3 Nxe5 28. Qf8+ Kxh7 29. c5 bxc5 30. Qa8 c6 31. c4 Nxc4 32. Qf8 Qg4 33. Bc3 Qg5+ 34. Kb1 Nxa3+ 35. Ka2 Nb5 36. Bb2 c4 37. Bc1 Qg2+ 38. Rd2 Qxe4 39. Rf2 Nc3+ 40. Ka3 Qb1 0-1

[Event "Ambelokipi op 76th"]
[Site "Athens"]
[Date "2007.03.17"]
[Round "3"]
[White "Daifas, Ioannis"]
[Black "Mitsakos, Achilles"]
[Result "1/2-1/2"]
[WhiteElo "2008"]
[BlackElo "1873"]
[PlyCount "58"]
[EventDate "2007.03.13"]
[EventType "swiss"]
[EventRounds "7"]
[EventCountry "GRE"]
[SourceTitle "EXT 2008"]
[Source "ChessBase"]
[SourceDate "2007.11.25"]
[SourceVersion "1"]
[SourceVersionDate "2007.11.25"]
[SourceQuality "1"]

1. e4 e5 2. Bc4 Nc6 3. Nf3 Be7 4. 0-0 Nf6 5. d3 0-0 6. Re1 d6 7. c3 Bg4 8. h3 Bh5 9. Nbd2 Na5 10. Bb5 a6 11. Ba4 b5 12. Bc2 c5 13. Nf1 Nc6 14. Ng3 Bg6 15. b3 Qd7 16. Bb2 Nh5 17. Nxe5 dxe5 18. Nxh5 f5 19. exf5 Qxf5 20. Ng3 Qxf2+ 21. Kh2 Bh4 22. Ne4 Bxe4 23. Rxe4 Qg3+ 24. Kh1 Rf4 25. d4 cxd4 26. cxd4 exd4 27. Rxf4 Qxf4 28. Qd3 g6 29. Rf1 Qd6 1/2-1/2

[Event "Ambelokipi op 72nd"]
[Site "Athens"]
[Date "2006.10.14"]
[Round "3"]
[White "Mitsakos, Achilles"]
[Black "Koerant, Filipos"]
[Result "0-1"]
[WhiteElo "1889"]
[BlackElo "2111"]
[PlyCount "98"]
[EventDate "2006.10.12"]
[EventType "swiss"]
[EventRounds "7"]
[EventCountry "GRE"]
[SourceTitle "EXT 2008"]
[Source "ChessBase"]
[SourceDate "2007.11.25"]
[SourceVersion "1"]
[SourceVersionDate "2007.11.25"]
[SourceQuality "1"]

1. e4 d5 2. exd5 Qxd5 3. Nc3 Qd6 4. d4 Nf6 5. Nf3 a6 6. Be2 e6 7. h3 Nbd7 8. Be3 b5 9. a3 Bb7 10. Qd2 c5 11. Rd1 Be7 12. 0-0 0-0 13. Bf4 Qc6 14. dxc5 Nxc5 15. Qe3 Rac8 16. Ne1 Nce4 17. Be5 Bc5 18. Bd4 Bxd4 19. Rxd4 Nxc3 20. bxc3 Qxc3 21. Bd3 e5 22. Rd6 e4 23. Be2 Qxe3 24. fxe3 Rc3 25. a4 Rxe3 26. Kf2 Rc3 27. axb5 e3+ 28. Kg1 Ne4 29. Rb6 Ng3 30. Rxb7 Nxe2+ 31. Kh2 axb5 32. Rxb5 Re8 33. Rb4 g6 34. Rf3 f5 35. g3 Rd8 36. Kg2 Nd4 37. Rxd4 Rxd4 38. Kf1 Rd2 39. Kg1 Kg7 40. h4 Kf6 41. g4 Rd1 42. g5+ Kf7 43. Kf1 Rxc2 44. Rxe3 Rcc1 45. Kf2 Rxe1 46. Rxe1 Rxe1 47. Kxe1 Ke6 48. Kf2 Ke5 49. Kf3 f4 0-1

[Event "Aegean op 29th"]
[Site "Aghios Kirykos"]
[Date "2006.07.12"]
[Round "1"]
[White "Dounis, Alexandros"]
[Black "Mitsakos, Achilles"]
[Result "1-0"]
[WhiteElo "2152"]
[BlackElo "1889"]
[PlyCount "31"]
[EventDate "2006.07.12"]
[EventType "swiss"]
[EventRounds "9"]
[EventCountry "GRE"]
[SourceTitle "CBM 113 Extra"]
[Source "ChessBase"]
[SourceDate "2006.09.14"]
[SourceVersion "1"]
[SourceVersionDate "2006.09.14"]
[SourceQuality "1"]

1. e4 e5 2. a3 Nf6 3. Nc3 c6 4. d4 Qc7 5. dxe5 Qxe5 6. Nf3 Qh5 7. Bc4 h6 8. 0-0 Be7 9. e5 Nh7 10. Ne4 0-0 11. Re1 b5 12. Bd3 Na6 13. Ng3 Qg4 14. Nf5 Bg5 15. h3 Qh5 16. Ng3 1-0

[Event "Ambelokipi op 65th"]
[Site "Athens"]
[Date "2005.09.21"]
[Round "2"]
[White "Koukoufikis, Ioannis"]
[Black "Mitsakos, Achilles"]
[Result "1-0"]
[WhiteElo "2043"]
[BlackElo "1907"]
[PlyCount "44"]
[EventDate "2005.09.17"]
[EventType "swiss"]
[EventRounds "7"]
[EventCountry "GRE"]
[SourceTitle "EXT 2007"]
[Source "ChessBase"]
[SourceDate "2006.11.23"]
[SourceVersion "1"]
[SourceVersionDate "2006.11.23"]
[SourceQuality "1"]

1. e4 e5 2. Nf3 Nf6 3. Nxe5 d6 4. Nf3 Nxe4 5. d4 d5 6. Nc3 Bg4 7. Qd3 Bb4 8. Qb5+ Nc6 9. Bd2 Bxc3 10. bxc3 0-0 11. Qxb7 Nxd2 12. Kxd2 Qd6 13. Re1 Rab8 14. Qa6 Qf4+ 15. Re3 Bxf3 16. gxf3 Ne7 17. Bd3 Rb6 18. Qxa7 Re6 19. Rhe1 Nc6 20. Qc5 Rd8 21. Kd1 Rxe3 22. Rxe3 g6 1-0

[Event "Heraklio op 9th"]
[Site "Heraklion"]
[Date "2005.??.??"]
[Round "2"]
[White "Tassopoulos, Marios"]
[Black "Mitsakos, Achilles"]
[Result "1/2-1/2"]
[WhiteElo "2215"]
[BlackElo "1925"]
[PlyCount "55"]
[EventDate "2005.06.??"]
[EventType "swiss"]
[EventRounds "9"]
[EventCountry "GRE"]
[SourceTitle "EXT 2007"]
[Source "ChessBase"]
[SourceDate "2006.11.23"]
[SourceVersion "1"]
[SourceVersionDate "2006.11.23"]
[SourceQuality "1"]

1. e4 e5 2. Nf3 Nc6 3. d4 exd4 4. Bc4 Be7 5. Nxd4 Nf6 6. Nxc6 dxc6 7. Qxd8+ Bxd8 8. Nc3 0-0 9. f3 Nd7 10. Bf4 Nc5 11. 0-0-0 b5 12. Be2 b4 13. Be3 Be7 14. Nb1 Be6 15. Nd2 a5 16. Bc4 Bc8 17. g4 a4 18. h4 Ne6 19. Nf1 c5 20. Ng3 g6 21. h5 Bg5 22. Bxg5 Nxg5 23. hxg6 hxg6 24. f4 Bxg4 25. fxg5 Bxd1 26. Rxd1 Rad8 27. Rf1 Kg7 28. Rf6 1/2-1/2